| 000 | 00517nam a22001455i 4500 | ||
|---|---|---|---|
| 001 | 173653 | ||
| 003 | ES-MaACL | ||
| 005 | 20230906215314.0 | ||
| 008 | 091223s1870 sp |||| | spa d | ||
| 245 | 0 | 3 |
_aLa política radical aplicada a la carrera diplomática / _c[Un antiguo diplomático]. |
| 260 |
_aMadrid : _b[s.n.], _c1870 ( _fImp. del Colegio Nacional de Sordo-Mudos y de Ciegos) |
||
| 300 |
_a16 p. ; _c21 cm. |
||
| 651 | 4 |
_aEspaña- _xServicio diplomático y consular. _98494 |
|
| 852 | 4 |
_aES-MaACL _jT-105-F-12 |
|
| 999 |
_c173653 _d173653 |
||